Die Kriminalität in Den USA und Ihre Behandlung.

Bibliographic Details
Main Author: Reckless, Walter C.
Format: eBook
Language:German
Published: Berlin/Boston : Walter de Gruyter GmbH, 1964.
Edition:1st ed.
Series:Münsterische Beiträge Zur Rechts- und Staatswissenschaft Series
Subjects:
Online Access:Click to View
LEADER 01578nam a22003613i 4500
001 EBC7015099
003 MiAaPQ
005 20231204023225.0
006 m o d |
007 cr cnu||||||||
008 231204s1964 xx o ||||0 ger d
020 |a 9783111347455  |q (electronic bk.) 
035 |a (MiAaPQ)EBC7015099 
035 |a (Au-PeEL)EBL7015099 
035 |a (OCoLC)1105800362 
040 |a MiAaPQ  |b eng  |e rda  |e pn  |c MiAaPQ  |d MiAaPQ 
100 1 |a Reckless, Walter C. 
245 1 4 |a Die Kriminalität in Den USA und Ihre Behandlung. 
250 |a 1st ed. 
264 1 |a Berlin/Boston :  |b Walter de Gruyter GmbH,  |c 1964. 
264 4 |c {copy}1964. 
300 |a 1 online resource (236 pages) 
336 |a text  |b txt  |2 rdacontent 
337 |a computer  |b c  |2 rdamedia 
338 |a online resource  |b cr  |2 rdacarrier 
490 1 |a Münsterische Beiträge Zur Rechts- und Staatswissenschaft Series ;  |v v.8 
588 |a Description based on publisher supplied metadata and other sources. 
590 |a Electronic reproduction. Ann Arbor, Michigan : ProQuest Ebook Central, 2023. Available via World Wide Web. Access may be limited to ProQuest Ebook Central affiliated libraries.  
655 4 |a Electronic books. 
776 0 8 |i Print version:  |a Reckless, Walter C.  |t Die Kriminalität in Den USA und Ihre Behandlung  |d Berlin/Boston : Walter de Gruyter GmbH,c1964 
797 2 |a ProQuest (Firm) 
830 0 |a Münsterische Beiträge Zur Rechts- und Staatswissenschaft Series 
856 4 0 |u https://ebookcentral.proquest.com/lib/matrademy/detail.action?docID=7015099  |z Click to View